| 000 | 02298nam0a2200337 4500 | ||
|---|---|---|---|
| 001 | RU\NLR\BIBL_A\022210924 | ||
| 005 | 20260420005401.0 | ||
| 010 |
_a978-5-00137-417-6 _9100 |
||
| 021 |
_aRU _bКН-П-24-014935 _9КН-П-24-1574 |
||
| 035 | _a(NLR Aleph) 022210924 | ||
| 090 |
_a13658954 _c13658954 |
||
| 100 | _a20240502d2023 u y0rusy50 ca | ||
| 101 | 0 | _arus | |
| 102 | _aRU | ||
| 105 | _aa j 000yy | ||
| 181 | 0 |
_ai3 _baxxe |
|
| 182 | 0 | _an | |
| 200 | 1 |
_aТехнологический расчет автотранспортных предприятий _eучебное пособие _eдля студентов, преподавателей и специалистов, занимающихся вопросами эксплуатации автомобильного транспорта _fД. В. Цыганков, А. Г. Кульпин, А. В. Кудреватых _gМинистерство науки и высшего образования Российской Федерации, Федеральное государственное бюджетное образовательное учреждение высшего образования "Кузбасский государственный технический университет имени Т. Ф. Горбачева" |
|
| 203 |
_aТекст _bвизуальный _cнепосредственный |
||
| 210 |
_aКемерово _cКузбасский государственный технический университет имени Т. Ф. Горбачева _d2023 |
||
| 215 |
_a82 с. _cил., табл. _d20 |
||
| 320 | _aБиблиогр.: с. 66 (7 назв.) | ||
| 606 | 1 |
_aАвтомобильные хозяйства _jУчебные издания для высших учебных заведений _xТехнологическое проектирование _9898814 _3RU\NLR\AUTH\666242 |
|
| 686 | 1 | _aО33-082-492-02я73-1 | |
| 700 | 1 |
_aЦыганков _bД. В. _gДмитрий Владимирович |
|
| 701 | 1 |
_aКульпин _bА. Г. _gАлександр Геннадьевич |
|
| 701 | 1 |
_aКудреватых _bА. В. _gАндрей Валерьевич |
|
| 942 | _cBOOK | ||
| 980 | _aNB | ||